| 000 | 00729nam a22001697a 4500 | ||
|---|---|---|---|
| 005 | 20260422120202.0 | ||
| 008 | 260422b |||||||| |||| 00| 0 eng d | ||
| 022 | _a978-81-203-4707-6 | ||
| 050 | _aQA 76.9 .M 3 J 493 2013 | ||
| 100 | _aJHA, DAVENDRANATH G | ||
| 245 | _aCOMPUTER CONCEPTS AND MANAGEMENT INFORMATION SYSTEMS | ||
| 250 | _a2 | ||
| 260 |
_aDELHI, _bPHI LEARNING PRIVATE LIMITED, _c2013, |
||
| 500 | _aINCLUDES BIBLIOGRAPHICAL REFERENCES AND INDEX | ||
| 650 | _a1. Management information systems-Textbooks 2.Computer science-Textbooks 3. Decision support systems-Textbooks 4. Information technology-Management-Textbooks | ||
| 942 |
_2lcc _cBK |
||
| 999 |
_c217048 _d217048 |
||